Statistics for biggest and smallest country in each continent

Click here to take the quiz!

General Stats

  • This quiz has been taken 53 times
    (48 since last reset)
  • The average score is 10 of 12

Answer Stats

HintAnswer% Correct
Biggest in EuropeRussia
100%
Smallest in EuropeVatican City
100%
Biggest in AsiaChina
96%
Biggest in North americaCanada
93%
Biggest in OceaniaAustralia
91%
Biggest in South americaBrazil
91%
Biggest in AfricaAlgeria
87%
Smallest in South americaSuriname
76%
Smallest in North americaSaint-kitts and nevis
73%
Smallest in OceaniaNauru
71%
Smallest in AfricaSeychelles
64%
Smallest in AsiaMaldives
62%

Score Distribution

Percentile by Number Answered

Percent of People with Each Score

Your Score History

You have not taken this quiz since the last reset